| 000 | 00900nam a22002777a 4500 | ||
|---|---|---|---|
| 001 | 9699 | ||
| 003 | FISKH | ||
| 005 | 20260130084941.0 | ||
| 008 | 260130b cb ||||| |||| 00| 0 eng d | ||
| 020 | _a0241114756 | ||
| 040 |
_aFISKH _beng _cFISKH _dFISKH |
||
| 050 | _aPZ7 | ||
| 082 | _a362.1 | ||
| 100 |
_aElliott, Evelyn _eAuthor |
||
| 245 |
_aMummy goes into hospital / _cEvelyn Elliott ; photographs by Christopher Cormack |
||
| 260 |
_aLondon : _bHamish Hamilton Children's Books , _c1985 |
||
| 300 |
_a25 pages : _bphotographs ; _c21 cm |
||
| 505 | _aJ | ||
| 520 | _aMummy has to have an operation Daddy and the children take her to hospital, and look after the house until she comes home. | ||
| 521 | 8 |
_a500
_bLexile estimate |
|
| 521 | 8 |
_aJ
_bRaz-Plus |
|
| 650 |
_aHospital _vFamily |
||
| 700 |
_aCormack, Christopher _ePhotographer |
||
| 942 |
_2ddc _cBK _n0 |
||
| 999 |
_c9699 _d9699 |
||